| 000 | 01093nam a22002537a 4500 | ||
|---|---|---|---|
| 005 | 20170124102943.0 | ||
| 010 | _a671246 | ||
| 020 | _c04.00 | ||
| 035 | _a671246 | ||
| 037 | _bCen Lib/Ret | ||
| 040 |
_aDPL _bHN |
||
| 082 |
_a822 _bलालल |
||
| 100 |
_aलाल, लक्ष्मीनारायण _943556 |
||
| 245 |
_aसुन्दर रस : _cलक्ष्मीनारायण लाल _bतीन अंकों का प्रहसन / |
||
| 246 |
_aSundar ras : teen ankon ka prahasn / _bby Lakshminarayan Lal |
||
| 260 |
_aदिल्ली _bभारतीय ज्ञानपीठ _c1971 |
||
| 270 |
_a3620/21, नेताजी सुभाष मार्ग _bदिल्ली _e110006 |
||
| 300 |
_a83पृ. : _c17सेमी (सजिल्द) _bसचित्र |
||
| 650 |
_aहिन्दी -- साहित्य _949112 |
||
| 650 |
_aहिन्दी -- नाटक _91413 |
||
| 650 |
_aHindi - literature _949113 |
||
| 650 |
_aHindi -- drama _949114 |
||
| 942 |
_2ddc _cHN _h822 _mलालल |
||
| 999 |
_c112769 _d112769 |
||